LEADER 00846nam0 22002411i 450 001 UON00200066 005 20231205103249.522 100 $a20030730d1957 |0itac50 ba 101 $ager 102 $aDE 105 $a|||| ||||| 200 1 $a Karl XII$fFrans G. Bengtsson 210 $aStuttgart$cKoehler$d1957. 537 p. ; 22 cm. 606 $aKARL XII$3UONC041637$2FI 620 $aDE$dWiesbaden$3UONL003153 700 1$aBENGTSSON$bFrans G.$3UONV119256$0138787 712 $aKoehler$3UONV251244$4650 801 $aIT$bSOL$c20240220$gRICA 899 $aSIBA - SISTEMA BIBLIOTECARIO DI ATENEO$2UONSI 912 $aUON00200066 950 $aSIBA - SISTEMA BIBLIOTECARIO DI ATENEO$dSI III STORIAEUR C C 0264 $eSI MR 55046 5 0264 996 $aKarl XII$91254930 997 $aUNIOR